000 00337nam a2200133Ia 4500
008 220613s9999||||xx |||||||||||||| ||und||
100 _aA ADAM
245 0 _aGRAINGER AND ALLISONS DIAGNOSTIC RADIOLOGY A TEXTBOOK OF MEDICAL IMAGING
250 _a5TH VOL-1
260 _bCHURCHILL
300 _a950
650 _aRadiology
942 _cMEDI
999 _c8188
_d8188